LEADER 01171nam a2200253 i 4500 001 000000367198 003 CaOOAMICUS 005 20260413144937.0 008 260413s2026 it a m u000 u ita u 020 $a978-88-382-5562-5 040 $aSeMil$bita 100 1 $aCurina, Matteo,$c.$0(OLS)http://semarc/name/124101 245 13$aLa trinità e il mondo nelle Collationes in Exaëmeron di Bonaventura da Bagnoregio /$cMatteo Curina. 264 1$aRoma :$bStudium,$c2026. 300 $a479 p. ;$c23 cm 490 1 $aAnalecta Gregoriana ;$v338 650 4$aBonaventura : da Bagnorea . Collationes in Hexaëmeron.$0(OLS)http://semarc/subject/27614 830 0$aAnalecta Gregoriana ;$v338.$0(OLS)http://semarc/title/9 850 $aSeMil 852 $aSeMil$W1$xVenegono$y1$m2HA D 338$j270115$B257921$CSeMilBibl$Z2$F257921 $81 996 $6020$a978-88-382-5562-5$9(OLS)http://semarc/number/305651 996 $6245$aLa trinità e il mondo nelle Collationes in Exaëmeron di Bonaventura da Bagnoregio$9(OLS)http://semarc/title/459085 996 $6264$aRoma :$bStudium$9(OLS)http://semarc/publisher/29617